00660nam a2200157 a 450000100100000000500170001000800410002704000250006808200130009324501070010624600980021326000430031130000200035495201110037499900170048500002905720200930055314.0110413s2008 dr 000 0 spa d aDO-SdBNPbspacBNPHU axxxbQ7m00aQuince minutos en compañía con Jesús Sacramentado :bSiete estaciones al Santísimo Sacramento.02a15 minutos en compañía con Jesús Sacramentado :b7 estaciones al Santísimo Sacramento aSanto Domingo :bEdiciones MSC,c2008. a48 p. ;c14 cm. 0010718PDaPDbPDcCTd2011-04-13iLF1l0oxxx Q7mp29057-10r2020-06-25w2020-06-25yLFPDZNo se presta c28549d28549